Illegal migration from Bangladesh - a case study of West Bengal (Record no. 64976)

000 -LEADER
fixed length control field 00413pab a2200157 454500
008 - FIXED-LENGTH DATA ELEMENTS--GENERAL INFORMATION
fixed length control field 180718b2005 xxu||||| |||| 00| 0 eng d
100 ## - MAIN ENTRY--PERSONAL NAME
Personal name Pramanik, Bimal
245 ## - TITLE STATEMENT
Title Illegal migration from Bangladesh - a case study of West Bengal
260 ## - PUBLICATION, DISTRIBUTION, ETC.
Date of publication, distribution, etc. 2005
300 ## - PHYSICAL DESCRIPTION
Extent p.43-53.
362 ## - DATES OF PUBLICATION AND/OR SEQUENTIAL DESIGNATION
Dates of publication and/or sequential designation Jan-Mar
650 ## - SUBJECT ADDED ENTRY--TOPICAL TERM
Topical term or geographic name entry element Migration - Case studies p.43-53.
650 ## - SUBJECT ADDED ENTRY--TOPICAL TERM
Topical term or geographic name entry element Migration
773 ## - HOST ITEM ENTRY
Main entry heading Dialogue
909 ## -
-- 64976
Holdings
Withdrawn status Lost status Damaged status Not for loan Permanent Location Current Location Date acquired Serial Enumeration / chronology Barcode Date last seen Price effective from Koha item type
        Indian Institute of Public Administration Indian Institute of Public Administration 2018-07-19 Volume no: 6, Issue no: 3 AR65428 2018-07-19 2018-07-19 Articles

Powered by Koha